Ведомости об учебных заведениях дирекций училищ Курляндской, Лифляндской и Эстляндской губерний за 1859 год

Доступно только в Электронных читальных залах Найти на картеНа карте
RUSMARC
00003724nmc2a2200000 x 450
0015805a311-6e79-4f50-874d-84c9d95483af
00520170417112320.0
100##$a20140617l18591859k l0rusy0189 ca
1010#$arus
102##$aRU
2001#$aВедомости об учебных заведениях дирекций училищ Курляндской, Лифляндской и Эстляндской губерний за 1859 год
$j1859 г.
251##$cДело
300##$aДело
801#0$aRU
$bРГИА
$c20140617
$gRCR
801#1$aRU
$bГлавНИВЦ
$c20140617
$2rusmarc
801#2$aRU
$bПБ им. Б.Н. Ельцина
$c20170417
$gRCR
$2rusmarc
850##$aРГИА
852##$aРГИА
$eФедеральное казенное учреждение "Российский государственный исторический архив" (РГИА)
$j716
937##$hРГИА
$d11176368
$aASBIBLIO_SCAN
462#0$1001fe4edb2a-8658-4269-9710-afcb460e1db3
$12001
$aДела Департамента народного просвещения по Дерптскому учебному округу за 1837-1862 гг.
$1251
$cОпись
$1852
$j57
461#0$1001a74412a3-3cc5-4d21-8f0a-dfe2fbd9e72d
$12001
$aДепартамент народного просвещения Министерства народного просвещения (1803-1917)
$1251
$cФонд
$1852
$j733
215##$a104 л.
$d36,5х26 см
371##$aДокумент не является опубликованным и широко распространяемым
105##$ay###
1222#$ad
035##$a5805a311-6e79-4f50-874d-84c9d95483af
856##$uhttp://readingroom.main.prlib.ru/item.aspx?id_node=n97043866&mode=full
Формат отображения